| 000 | 00469nam a2200181Ia 4500 | ||
|---|---|---|---|
| 008 | 090124s9999 xx 000 0 und d | ||
| 082 | _b1903 | ||
| 100 | _aNAIKE V.N. | ||
| 245 | _a GOLDSMITH`S CITIZEN OF THE WORLD | ||
| 250 | _a0 | ||
| 260 | _bTHE UNIVERSAL PUBLISHING HOUSE | ||
| 300 | _a142 | ||
| 600 | _aNAIKE V.N. | ||
| 630 | _a GOLDSMITH`S CITIZEN OF THE WORLD | ||
| 700 | _aNAIKE V.N. | ||
| 730 | _a GOLDSMITH`S CITIZEN OF THE WORLD | ||
| 942 | _cBOOK | ||
| 999 |
_c82136 _d82136 |
||